[Event "Rentrée CEH 2018 (-1600)"]
[Site "Gatineau"]
[Date "2018.09.18"]
[Round "2"]
[White "Simard Paul"]
[Black "Fex John"]
[Result "0-1"]
[BlackElo "1242"]
[EventCountry "CAN"]
[EventDate "2018.09.18"]
[EventRounds "1"]
[EventType "tourn"]
[SourceTitle "Opening Tree 2017.ctg"]
[WhiteElo "1188"]

1.d4 e6 2.c4 Nf6 3.Nc3 Bb4 4.a3 Bxc3+ 5.bxc3 d5 6.cxd5 Qxd5 7.Nf3 Nc6 8.e3
Bd7 9.c4 Qh5 10.Be2 Ne4 11.Qc2 f5 12.O-O O-O 13.Ne5 Qe8 14.Nxd7 Qxd7 15.f3
Nf6 16.Rb1 b6 17.a4 a6 18.Ba3 Rfc8 19.c5 Nd5 20.Qd3 Rd8 21.f4 Nb8 22.Bd1 Qc6
23.Bb3 Nd7 24.Rbc1 b5 25.axb5 axb5 26.Bxd5 Qxd5 27.Bb4 Ra2 28.Ra1 Qxg2# 0-1

[Event "Rentrée CEH 2018 (-1600)"]
[Site "Gatineau"]
[Date "2018.09.18"]
[Round "2"]
[White "Iyamuremye Gervais"]
[Black "Sun Roy"]
[Result "1-0"]
[BlackElo "1252"]
[EventCountry "CAN"]
[EventDate "2018.09.18"]
[EventRounds "1"]
[EventType "tourn"]
[SourceTitle "Opening Tree 2017.ctg"]
[WhiteElo "1475"]

1.e4 e5 2.Nf3 Nf6 3.Nc3 Bc5 4.h3 c6 5.Bc4 d5 6.exd5 cxd5 7.Bb5+ Nc6 8.O-O O-O
9.Bxc6 bxc6 10.Nxe5 Qc7 11.d4 Bd6 12.Nf3 Ne4 13.Re1 Bf5 14.Nxe4 Bxe4 15.Nd2
Rae8 16.Nxe4 dxe4 17.c4 Bf4 18.b3 Re7 19.Qg4 e3 20.fxe3 Qa5 21.Qd1 Rfe8
22.Bd2 Qf5 23.exf4 Rxe1+ 24.Bxe1 Qxf4 25.Bf2 a5 26.d5 Rd8 27.Bb6 Rd7 28.Bxa5
cxd5 29.cxd5 Qe3+ 30.Kh1 Qe5 31.Qe1 Qb8 32.Rd1 h6 33.d6 Qa8 34.Bc7 Kh7 35.Qf2
g6 36.Re1 Qf8 37.Qf6 1-0

[Event "Rentrée CEH 2018 (-1600)"]
[Site "Gatineau"]
[Date "2018.09.18"]
[Round "2"]
[White "Arcand Pierre"]
[Black "Bourbonnais Luc"]
[Result "0-1"]
[BlackElo "1350"]
[EventCountry "CAN"]
[EventDate "2018.09.18"]
[EventRounds "1"]
[EventType "tourn"]
[SourceTitle "Opening Tree 2017.ctg"]
[WhiteElo "1140"]

1.e4 e5 2.Nf3 Nc6 3.Nc3 Nf6 4.d3 Bb4 5.Bd2 O-O 6.Be2 Re8 7.O-O d6 8.h3 Be6
9.Nb5 Bxd2 10.Qxd2 Qd7 11.Ng5 a6 12.Nxe6 fxe6 13.Nc3 Nd4 14.Nb1 Rad8 15.c3
Nxe2+ 16.Qxe2 c5 17.Rd1 d5 18.Na3 Qf7 19.Nc2 d4 20.c4 Nh5 21.g3 Qg6 22.Kh2
Rf8 23.Rg1 Qf7 24.Raf1 Qf3 25.Qxf3 Rxf3 26.Ne1 Rf7 27.f3 b5 28.b3 bxc4
29.bxc4 Rb8 30.g4 Nf4 31.Rf2 g5 32.Rd2 Rfb7 33.Rf1 Rb1 34.Kg3 Rc1 35.Rh1 Rbb1
36.Kf2 a5 37.a3 Rb3 38.Rh2 Rbb1 39.Rh1 a4 40.Rf1 Nxh3+ 41.Kg3 Nf4 42.Kf2 Rc3
43.Nc2 Rxf1+ 44.Kxf1 Nxd3 45.Ke2 Nf4+ 46.Kf2 Rxc4 47.Kg3 Rc3 48.Rh2 d3 49.Ne1
c4 50.Rd2 Rxa3 51.Nc2 Ra2 0-1

[Event "Rentrée CEH 2018 (-1600)"]
[Site "Gatineau"]
[Date "2018.09.18"]
[Round "2"]
[White "Seguin Hubert"]
[Black "Ethier Valori"]
[Result "1-0"]
[BlackElo "1364"]
[EventCountry "CAN"]
[EventDate "2018.09.18"]
[EventRounds "1"]
[EventType "tourn"]
[SourceTitle "Opening Tree 2017.ctg"]
[WhiteElo "1555"]

1.e4 c6 2.d4 d5 3.e5 Bf5 4.Bd3 Bxd3 5.Qxd3 e6 6.f4 Qa5+ 7.Nc3 Qa6 8.Qg3 Nh6
9.Nge2 Nf5 10.Qf2 c5 11.O-O cxd4 12.Nxd4 Nxd4 13.Qxd4 Bc5 $4 14.Qxc5 Nd7
15.Qb5 Qb6+ 16.Qxb6 Nxb6 17.Nb5 Kd7 18.Nd6 Rhf8 19.Be3 Nc8 20.Bc5 Nxd6
21.Bxd6 Rfc8 22.c3 Rc4 23.Rad1 Rac8 24.f5 exf5 25.Rxf5 Ke6 26.Rdf1 f6 27.Ba3
Re4 28.exf6 Kf7 29.fxg7+ Kxg7 30.Bf8+ Kg6 31.Rf6+ Kg5 32.Bh6+ Kg4 33.Rf7 Kh5
34.Bc1 Re2 35.Rxh7+ Kg6 36.Rhf7 Rc6 37.R7f2 Re4 38.h3 Rce6 39.Rd1 Re1+ 40.Rf1
R1e5 41.Bf4 Rh5 42.Kh2 Rf5 43.Rd2 Re4 44.Rdf2 d4 45.cxd4 Rxd4 46.Be3 Rdd5
47.Rxf5 1-0

[Event "Rentrée CEH 2018 (-1600)"]
[Site "Gatineau"]
[Date "2018.09.11"]
[Round "1"]
[White "Berthiaume Serge"]
[Black "Dupont-Mageau Nicolas"]
[Result "0-1"]
[BlackElo "1444"]
[EventDate "2018.09.11"]
[WhiteElo "1572"]

1.e4 e5 2.Bc4 Nc6 3.Nf3 Bc5 4.O-O Nf6 5.d4 exd4 6.e5 Ng4 7.Bxf7+ Kxf7 8.Ng5+
Kg8 9.Qxg4 d6 10.e6 Ne5 11.Qe4 h6 12.Nf7 Nxf7 13.exf7+ Kxf7 14.c3 Qe7 15.Qf3+
Qf6 16.Qxf6+ Kxf6 17.cxd4 Bxd4 18.Nc3 Bxc3 19.bxc3 Re8 20.Be3 Bf5 21.a3 c6
22.Rad1 d5 23.Rd4 Re4 24.Rxe4 Bxe4 25.Bd4+ Kf7 26.f3 Bd3 27.Re1 g6 28.f4 Re8
29.Rxe8 Kxe8 30.Kf2 a6 31.Kg3 Kf7 32.Kh4 Ke6 33.g4 Be2 34.h3 Bd1 35.Kg3 b5
36.h4 h5 37.f5+ gxf5 38.g5 Be2 39.Kf4 Kf7 40.Ke5 Bd3 41.Kd6 a5 42.Kxc6 Bc4
43.Kd6 f4 44.Ke5 f3 45.Kd6 Bb3 46.Kc5 Bc4 47.Kb6 a4 48.Kc5 Kg6 49.Bf2 Kf5
50.Kd4 Bb3 51.Kc5 Bc4 52.Kd6 Bd3 53.Ke7 Kg4 54.Kf6 Kh3 55.g6 Bxg6 56.Kxg6 Kg2
57.Bd4 f2 58.Bxf2 Kxf2 59.Kxh5 d4 60.cxd4 b4 61.d5 b3 62.d6 b2 63.d7 b1=Q
64.d8=Q Qh7+ 65.Kg4 Qe4+ 66.Kg5 Qe3+ 67.Kg6 Qxa3 68.Qd4+ Kg2 69.Qe4+ Kh2
70.Kf6 Kg3 71.h5 Qf3+ 72.Qf5 Qxf5+ 73.Kxf5 a3 0-1

[Event "Rentrée CEH 2018 (-1600)"]
[Site "Gatineau"]
[Date "2018.09.11"]
[Round "1"]
[White "Bourbonnais Luc"]
[Black "Iyamuremye Gervais"]
[Result "1/2-1/2"]
[BlackElo "1475"]
[EventDate "2018.09.11"]
[WhiteElo "1350"]

1.e4 e5 2.Nf3 Nc6 3.Bb5 d6 4.d4 exd4 5.Nxd4 Bd7 6.c4 Nf6 7.Nc3 Be7 8.Be3 O-O
9.O-O Ne5 10.Bxd7 Nfxd7 11.Qe2 Nb6 12.b3 Bf6 13.Nd5 Nxd5 14.cxd5 Nd7 15.Rac1
a6 16.Rc2 Re8 17.f3 Rc8 18.Rfc1 Nb8 19.a4 Bxd4 20.Bxd4 f5 21.Bb6 fxe4 22.Rxc7
Rxc7 23.Rxc7 Nd7 24.a5 Nxb6 25.axb6 exf3 26.Qxf3 Re7 27.Qc3 Qf8 28.Rc8 Re1+
29.Qxe1 Qxc8 30.Qe3 Kf7 1/2-1/2

[Event "Rentrée CEH 2018 (-1600)"]
[Site "Gatineau"]
[Date "2018.09.11"]
[Round "1"]
[White "Sabourin Yves"]
[Black "Ethier Valori"]
[Result "0-1"]
[BlackElo "1364"]
[EventCountry "CAN"]
[EventDate "2018.09.11"]
[EventRounds "1"]
[EventType "tourn"]
[SourceTitle "Opening Tree 2017.ctg"]
[WhiteElo "1498"]

1.e4 c6 2.d4 d5 3.e5 Bf5 4.Nf3 e6 5.g3 c5 6.Bg2 cxd4 7.Nxd4 Ne7 8.O-O Nbc6
9.Nxf5 Nxf5 10.Nd2 Nxe5 11.f4 Bc5+ 12.Kh1 Ne3 13.Qe2 Nxf1 14.fxe5 Nxd2
15.Qb5+ Qd7 16.Qxc5 Nc4 17.Bf4 Nxb2 18.Bf1 Na4 19.Qb4 a6 20.Rd1 Qc6 21.Bg5
Nc5 22.Qg4 Ne4 23.c4 Nf2+ 0-1

[Event "Rentrée CEH 2018 (-1600)"]
[Site "Gatineau"]
[Date "2018.09.11"]
[Round "1"]
[White "Labrie Dany"]
[Black "Seguin Hubert"]
[Result "0-1"]
[BlackElo "1555"]
[WhiteElo "1374"]

1.b4 e5 2.Bb2 d6 3.e3 Nf6 4.Nf3 Be7 5.Bc4 O-O 6.a4 Be6 7.Qe2 d5 8.Bb3 e4
9.Ne5 Nbd7 10.O-O Bd6 11.Nxd7 Qxd7 12.b5 Qe7 13.h3 Nd7 14.d3 Qg5 15.g4 f5
16.f4 exf3 17.Rxf3 fxg4 18.Rxf8+ Rxf8 19.Qg2 Qxe3+ 20.Kh1 Qe1+ 21.Qg1 Rf1
22.Bd4 Rxg1+ 23.Bxg1 gxh3 24.Nd2 Qxd2 25.Rf1 Qg2# 0-1

[Event "Rentrée CEH 2018 (-1600)"]
[Site "Gatineau"]
[Date "2018.09.11"]
[Round "1"]
[White "Cayen Jean-Philippe"]
[Black "Arcand Pierre"]
[Result "0-1"]
[BlackElo "1140"]
[WhiteElo "1447"]

1.g3 e5 2.e3 a6 3.Bg2 Nf6 4.b3 d5 5.Bb2 Nc6 6.d3 Bb4+ 7.Bc3 Bxc3+ 8.Nxc3 O-O
9.Nge2 Bg4 10.O-O Re8 11.Re1 Qd7 12.a3 d4 13.Ne4 Nxe4 14.Bxe4 dxe3 15.fxe3 f5
16.Bg2 Rf8 17.Qd2 Rf7 18.h3 Bxe2 19.Bxc6 Qxc6 20.Qxe2 Raf8 21.Rf1 Qg6 22.Kg2
f4 23.g4 f3+ 24.Rxf3 Rxf3 25.e4 Qh6 26.Rf1 0-1

[Event "Rentrée CEH 2018 (45/30)"]
[Site "Gatineau"]
[Date "2018.10.09"]
[Round "5"]
[White "Celac Ekaterina"]
[Black "Vezina Yannick"]
[Result "0-1"]
[BlackElo "1515"]
[EventCountry "CAN"]
[EventDate "2018.10.09"]
[EventRounds "1"]
[EventType "tourn"]
[SourceTitle "Opening Tree 2017.ctg"]
[WhiteElo "1222"]

1.e4 e5 2.Nf3 Nc6 3.Nc3 Nf6 4.Bc4 Be7 5.d4 exd4 6.Nxd4 Ne5 7.Be2 d5 8.Nf5
Bxf5 9.exf5 d4 10.Nb5 c5 11.c3 a6 12.Bf4 Nfd7 ( 12...Ned7 13.Na3 dxc3 14.bxc3
Qa5 15.Qc1 b5 16.O-O c4 17.Rd1 Qxa3 18.Qxa3 Bxa3 ) 13.Na3 dxc3 14.bxc3 Qa5
15.Qc1 b5 16.O-O c4 17.Rd1 Qxa3 18.Qxa3 Bxa3 19.Bxe5 Nxe5 20.Rd5 f6 21.Rad1
O-O 22.f4 Nf7 23.Bf3 Rad8 24.g4 Rd6 25.h4 Rfd8 26.g5 Kf8 27.Bh5 Rxd5 28.Rxd5
Rxd5 29.Bxf7 Kxf7 30.h5 Rxf5 31.g6+ hxg6 32.hxg6+ Kxg6 33.Kg2 Rxf4 34.Kg3 Kg5
0-1

[Event "Rentrée CEH 2018 (45/30)"]
[Site "Gatineau"]
[Date "2018.10.02"]
[Round "4"]
[White "Legare Gilles"]
[Black "Celac Jasmine"]
[Result "1-0"]
[BlackElo "858"]
[EventCountry "CAN"]
[EventDate "2018.10.02"]
[EventRounds "1"]
[EventType "tourn"]
[SourceTitle "Opening Tree 2017.ctg"]
[WhiteElo "1061"]

1.e4 d5 2.d3 e6 3.a3 Bd7 4.h3 Nc6 5.b3 Qe7 6.g3 O-O-O 7.Bb2 Nf6 8.Bg2 g6
9.Ne2 Qe8 10.Nd2 Be7 11.b4 Nh5 12.Nb3 g5 13.Qd2 Rg8 14.g4 Bf6 15.Rb1 Rg6
16.gxh5 Rh6 17.Ng3 Qf8 18.Nc5 Be8 19.b5 Nb8 20.Qb4 Qd6 21.d4 e5 22.Nf5 Qf8
23.Nd7 Bxd7 24.Qxf8 Bxf5 25.Qxh6 { Les blancs gagnent au 48e coup, } 1-0

[Event "Rentrée CEH 2018 (45/30)"]
[Site "Gatineau"]
[Date "2018.10.02"]
[Round "4"]
[White "Vezina Yannick"]
[Black "Raymond Robert"]
[Result "1-0"]
[BlackElo "1261"]
[EventCountry "CAN"]
[EventDate "2018.10.02"]
[EventRounds "1"]
[EventType "tourn"]
[SourceTitle "Opening Tree 2017.ctg"]
[WhiteElo "1515"]

1.d4 d5 2.g3 Nf6 3.f3 e6 4.Nh3 Nbd7 5.Bg2 Be7 6.O-O O-O 7.e4 e5 8.c3 c5
9.dxe5 Nxe5 10.f4 Bxh3 11.Bxh3 Nc6 12.e5 Ne8 13.Nd2 Nc7 14.Nf3 h6 15.Be3 Ne6
16.f5 d4 17.fxe6 dxe3 18.exf7+ Kh8 19.Qb3 b6 20.Bg2 Na5 21.Qe6 Rc8 22.Rad1
Rc6 23.Qf5 Qc8 24.Rd7 Rc7 25.e6 Nb7 26.Ne5 Qb8 27.Ng6+ Kh7 28.Nxe7+ Kh8
29.Ng6+ Kh7 30.Nxf8+ 1-0

[Event "Rentrée CEH 2018 (45/30)"]
[Site "Gatineau"]
[Date "2018.09.25"]
[Round "3"]
[White "Celac Jasmine"]
[Black "Lepine Louis"]
[Result "0-1"]
[BlackElo "995"]
[EventCountry "CAN"]
[EventDate "2018.09.25"]
[EventRounds "1"]
[EventType "tourn"]
[SourceTitle "Opening Tree 2017.ctg"]
[WhiteElo "858"]

1.e4 e5 2.Nf3 Nc6 3.d3 Bc5 4.Bg5 Nf6 5.Bd2 d6 6.c3 Be6 7.d4 exd4 8.c4 Nxe4
9.Bf4 f6 10.Be2 g5 11.Bc1 Qd7 12.Qc2 Bf5 13.h4 g4 14.Nh2 Ne5 15.Bh6 d3
16.Bxd3 Nxf2 17.Rf1 Nfxd3+ 18.Kd2 O-O-O 19.a4 c6 20.a5 Bb4+ 21.Kd1 Kb8 22.Qb3
Be6 23.Nf3 gxf3 24.gxf3 Bxc4 25.Qa4 b5 26.Qxb4 Nxb4 27.Nc3 Qh3 28.Rc1 Qxf1+
29.Kd2 Qxf3 30.Ne2 Qxe2+ 31.Kc3 Na2+ 32.Kd4 Nxc1 33.Bxc1 Qd3# 0-1

[Event "Rentrée CEH 2018 (45/30)"]
[Site "Gatineau"]
[Date "2018.09.25"]
[Round "3"]
[White "Renaud Alexandre"]
[Black "Legare Gilles"]
[Result "1-0"]
[BlackElo "1061"]
[EventCountry "CAN"]
[EventDate "2018.09.25"]
[EventRounds "1"]
[EventType "tourn"]
[SourceTitle "Opening Tree 2017.ctg"]
[WhiteElo "1203"]

1.d4 d5 2.c4 Nf6 3.e3 e6 4.Nf3 b6 5.Nc3 Be7 6.Be2 Bb7 7.b3 a6 8.O-O Bc6 9.Ne5
Bb7 10.Bh5 Nxh5 11.Qxh5 O-O 12.Qg4 Bf6 13.cxd5 exd5 14.Qg3 Bh4 15.Qg4 Bc8
16.Qf3 c6 17.Ba3 Be7 18.Bxe7 Qxe7 19.Qg3 Bb7 20.f4 Nd7 21.f5 Nf6 22.Rae1 a5
23.Ng4 Kh8 24.Nxf6 gxf6 25.Qh4 Rg8 26.Rf3 Rg7 27.e4 c5 28.exd5 Qd6 29.dxc5
Qxc5+ 30.Kh1 Qd6 31.Rfe3 Rgg8 32.Rd1 Rae8 33.Rxe8 Rxe8 34.Ne4 Qe5 35.Nxf6
1-0

[Event "Rentrée CEH 2018 (45/30)"]
[Site "Gatineau"]
[Date "2018.09.25"]
[Round "3"]
[White "Cayen Jean-Philippe"]
[Black "Celac Ekaterina"]
[Result "1-0"]
[BlackElo "1227"]
[EventCountry "CAN"]
[EventDate "2018.09.25"]
[EventRounds "1"]
[EventType "tourn"]
[SourceTitle "Opening Tree 2017.ctg"]
[WhiteElo "1447"]

1.g3 e5 2.Bg2 d5 3.e3 Nf6 4.b3 e4 5.Bb2 Be7 6.d3 Bf5 7.dxe4 dxe4 8.Qxd8+ Bxd8
9.Nd2 O-O 10.Bxf6 Bxf6 11.O-O-O Re8 12.h3 Nc6 13.Ne2 Rad8 14.Nf4 Bc3 15.Nc4
Nb4 16.Kb1 Rd7 17.g4 Red8 18.Rxd7 Bxd7 19.Bxe4 Bc6 20.Bxc6 bxc6 21.a3 g5
22.axb4 gxf4 23.exf4 Bxb4 24.Kb2 Bc5 25.Rf1 Re8 26.Kc3 Re2 27.Kd3 Rxf2
28.Rxf2 Bxf2 29.f5 Kg7 30.Ke4 c5 31.Na5 Kf6 32.c4 Kg5 33.Kf3 Be1 34.Nc6 a6
35.Nb8 a5 36.Na6 c6 37.Nxc5 Kh4 38.Kg2 Bb4 39.Nb7 c5 40.Nd6 f6 41.Ne4 a4
42.bxa4 Be1 43.Nxf6 h6 44.Ne4 Bd2 45.Nxc5 Bb4 46.Nd7 Be7 47.f6 Bxf6 48.Nxf6
h5 49.c5 { et les Noirs abandonnèrent au 60e coup. } 1-0

[Event "Rentrée CEH 2018 (45/30)"]
[Site "Gatineau"]
[Date "2018.09.25"]
[Round "3"]
[White "Lecorre Joel"]
[Black "Vezina Yannick"]
[Result "0-1"]
[BlackElo "1515"]
[EventCountry "CAN"]
[EventDate "2018.09.25"]
[EventRounds "1"]
[EventType "tourn"]
[SourceTitle "Opening Tree 2017.ctg"]
[WhiteElo "1521"]

1.e4 e5 2.Bc4 Nc6 3.Nf3 Be7 4.c3 Nf6 5.d3 d5 6.exd5 Nxd5 7.Qe2 Nf4 8.Bxf4
exf4 9.O-O O-O 10.d4 g5 11.Nbd2 Bf5 12.Rfe1 Bd6 13.Rad1 Kg7 14.Ne5 Re8
15.Nxc6 Rxe2 16.Nxd8 Rxe1+ 17.Rxe1 Rxd8 18.b4 c5 19.dxc5 Bxc5 20.Nb3 Bb6
21.Kf1 Rc8 22.Nd2 Rxc4 23.Nxc4 Bd3+ 24.Kg1 Bxc4 25.a4 h5 26.Re7 Kf6 27.Rxb7
g4 28.a5 Bd5 29.axb6 Bxb7 30.bxa7 Ke5 31.h3 f5 32.g3 fxg3 33.fxg3 gxh3 34.Kh2
Bg2 35.b5 Kd6 36.b6 Kc5 37.b7 Bxb7 38.Kxh3 Bf3 39.Kh4 Kc4 40.a8=Q $2 ( 
40.Kg5 $10 ) 40...Bxa8 41.Kxh5 Bf3+ 42.Kg5 Bg4 43.Kf4 Kd3 44.c4 Kxc4 45.Ke3
Kc3 0-1

[Event "Rentrée CEH 2018 (45/30)"]
[Site "Gatineau"]
[Date "2018.09.18"]
[Round "2"]
[White "Vezina Yannick"]
[Black "Masse-Garneau Anthony"]
[Result "1-0"]
[BlackElo "1577"]
[EventCountry "CAN"]
[EventDate "2018.09.18"]
[EventRounds "1"]
[EventType "tourn"]
[SourceTitle "Opening Tree 2017.ctg"]
[WhiteElo "1515"]

1.d4 Nf6 2.g3 d5 3.f3 c5 4.c3 cxd4 5.cxd4 Nc6 6.Nh3 Qb6 7.e3 e6 8.Nf2 Bb4+
9.Nd2 e5 10.Qe2 exd4 11.e4 dxe4 12.fxe4 O-O 13.Bg2 Ne5 14.Nd3 Bg4 15.Qf1
Bxd2+ 16.Bxd2 Nxd3+ 17.Qxd3 Qxb2 18.O-O Qb6 19.a4 Qa6 $2 20.Qxa6 bxa6 21.e5
Nd5 22.Bxd5 Rad8 23.Bc4 Bc8 24.Bb4 Be6 25.Bxe6 fxe6 26.Bxf8 Rxf8 27.Rxf8+
Kxf8 28.Kf2 Ke7 29.Kf3 Kd7 30.Rc1 d3 31.Ke3 d2 32.Kxd2 a5 33.Rc5 1-0

[Event "Rentrée CEH 2018 (45/30)"]
[Site "Gatineau"]
[Date "2018.09.18"]
[Round "2"]
[White "Raymond Robert"]
[Black "Lepine Louis"]
[Result "1-0"]
[BlackElo "995"]
[EventCountry "CAN"]
[EventDate "2018.09.18"]
[EventRounds "1"]
[EventType "tourn"]
[SourceTitle "Opening Tree 2017.ctg"]
[WhiteElo "1261"]

1.e4 e5 2.Nf3 Nc6 3.Bb5 Bc5 4.c3 d6 5.h3 Nf6 6.Qe2 O-O 7.O-O d5 8.Bxc6 bxc6
9.exd5 cxd5 10.d4 exd4 11.Nxd4 Re8 12.Qd3 g6 13.Nd2 c6 14.N2f3 Bf5 15.Nxf5
gxf5 16.Bg5 Be7 17.Bxf6 Bxf6 18.Qxf5 Kh8 19.Nd4 Re5 20.Qd3 Qg8 21.Nf3 Qg7
22.Nxe5 Bxe5 23.f4 Bf6 24.Rf3 Rg8 25.g4 d4 26.g5 Qxg5+ 27.fxg5 Rxg5+ 28.Rg3
h6 29.Rxg5 hxg5 30.cxd4 c5 31.Rf1 cxd4 32.Rxf6 1-0

[Event "Rentrée CEH 2018 (45/30)"]
[Site "Gatineau"]
[Date "2018.09.18"]
[Round "2"]
[White "Chen Daniel"]
[Black "Kolarevic Viktor"]
[Result "1-0"]
[BlackElo "889"]
[EventCountry "CAN"]
[EventDate "2018.09.18"]
[EventRounds "1"]
[EventType "tourn"]
[SourceTitle "Opening Tree 2017.ctg"]
[WhiteElo "924"]

1.d4 e6 2.e4 Nh6 3.e5 Bb4+ 4.c3 Ba5 5.b4 Bb6 6.c4 c5 7.dxc5 Bc7 8.Nf3 f5
9.exf6 gxf6 10.Bxh6 Nc6 11.Be2 Nxb4 12.Nd4 e5 13.Bh5+ Ke7 14.Nf5+ Ke6 15.Ng7+
Ke7 16.Nc3 Ba5 17.Nd5+ Nxd5+ 18.Kf1 Nc3 19.Qd6# 1-0

[Event "Rentrée CEH 2018 (45/30)"]
[Site "Gatineau"]
[Date "2018.09.18"]
[Round "2"]
[White "Celac Ekaterina"]
[Black "Celac Jasmine"]
[Result "1-0"]
[BlackElo "858"]
[EventCountry "CAN"]
[EventDate "2018.09.18"]
[EventRounds "1"]
[EventType "tourn"]
[SourceTitle "Opening Tree 2017.ctg"]
[WhiteElo "1227"]

1.e4 Nc6 2.Nf3 e6 3.d4 d5 4.e5 Bb4+ 5.c3 Be7 6.b3 h5 7.c4 Rh6 8.Bxh6 gxh6
9.Nc3 Bd7 10.Be2 Bb4 11.O-O Bxc3 12.Rc1 Bb2 13.Rc2 Bxd4 14.Nxd4 Nxd4 15.Qxd4
Qg5 16.cxd5 Ke7 17.d6+ cxd6 18.Qxd6+ Ke8 19.Rd2 Ne7 20.Qxd7+ Kf8 21.Rc1 Kg7
22.Rcd1 Kh7 23.Qxb7 Rg8 24.Qe4+ Kh8 25.g4 hxg4 26.Bxg4 h5 27.h3 hxg4 28.hxg4
a5 29.Kg2 f5 30.Rh1+ Kg7 31.Rh5 fxe4 32.Rxg5+ Kf7 33.Rxg8 Kxg8 34.Rd7 Nd5
35.Ra7 e3 36.fxe3 Nxe3+ 37.Kf3 Nf1 38.Rxa5 Kg7 39.b4 Nd2+ 40.Ke3 Nf1+ 41.Kd4
Kf7 42.b5 Ng3 43.b6 Ne2+ 44.Kc5 Ke7 45.b7 Kd7 46.b8=Q Ng3 47.Ra7# 1-0

[Event "Rentrée CEH 2018 (45/30)"]
[Site "Gatineau"]
[Date "2018.09.18"]
[Round "2"]
[White "Legare Gilles"]
[Black "Celac Natalia"]
[Result "1-0"]
[BlackElo "854"]
[EventCountry "CAN"]
[EventDate "2018.09.18"]
[EventRounds "1"]
[EventType "tourn"]
[SourceTitle "Opening Tree 2017.ctg"]
[WhiteElo "1061"]

1.e4 Nf6 2.Nc3 e5 3.Bc4 Be7 4.Nf3 O-O 5.d3 d6 6.d4 exd4 7.Qxd4 Nc6 8.Qd1 Bg4
9.Be2 Qd7 10.e5 Rad8 11.exf6 Bxf6 12.Bg5 Bxg5 13.Nxg5 Rfe8 14.Qd3 Bxe2
15.Qxh7+ Kf8 16.Nxe2 f6 17.Qh8+ Ke7 18.Qxg7# 1-0

[Event "Rentrée CEH 2018 (45/30)"]
[Site "Gatineau"]
[Date "2018.09.11"]
[Round "1"]
[White "Celac Natalia"]
[Black "Lecorre Joel"]
[Result "0-1"]
[BlackElo "1521"]
[EventDate "2018.09.11"]
[WhiteElo "854"]

1.Nf3 d5 2.d4 Nf6 3.Bf4 Nbd7 4.Qd3 c5 5.Nbd2 c4 6.Qe3 e6 7.g3 Qb6 8.Bh3 Be7
9.O-O Qxb2 10.Rab1 Qxc2 11.a4 Qxa4 12.Ng5 Nb6 13.Qf3 h6 14.Nxe6 Bxe6 15.Bxe6
fxe6 16.Qe3 Qc6 17.h4 a5 18.Qc3 Bb4 19.Qf3 O-O 20.Be5 Bxd2 21.Bxf6 Rxf6 22.e3
Rxf3 23.Kg2 Raf8 24.Rxb6 Qxb6 25.h5 Bxe3 26.fxe3 Qb2+ 27.Rf2 Qxf2+ 28.Kh3
Qxg3# 0-1

[Event "Rentrée CEH 2018 (45/30)"]
[Site "Gatineau"]
[Date "2018.09.11"]
[Round "1"]
[White "Vezina Yannick"]
[Black "Celac Jasmine"]
[Result "1-0"]
[BlackElo "858"]
[WhiteElo "1515"]

1.d4 d5 2.g3 Nc6 3.f3 e6 4.Bg2 Qe7 5.Nh3 Bd7 6.O-O O-O-O 7.Nf2 Qf6 8.e3 h5
9.Nd2 h4 10.c3 Bd6 11.e4 e5 12.f4 exd4 13.e5 Bxe5 14.fxe5 Nxe5 15.cxd4 Nc6
16.Nf3 hxg3 17.hxg3 Nge7 18.Bg5 Qg6 19.Bxe7 Rh7 20.Nd3 Rdh8 21.Rb1 Kb8
22.Nde5 Qh6 23.Nxd7+ Kc8 24.Bg5 Qh1+ 25.Kf2 Qh5 26.Be3 Nd8 27.Rc1 Rh6 28.Bf4
Ra6 29.Qc2 Rhh6 30.Nfe5 Rhb6 31.Rh1 Qh6 32.Bh3 Qh8 33.Nb8+ Kxb8 34.Nd7+ Kc8
35.Bxc7 Qh6 36.Nb8+ Re6 37.Bxe6+ Qxe6 38.Bxd8+ Kxd8 39.Rh8+ Ke7 40.Qc7+ Kf6
41.Nd7+ Kg6 42.Ne5+ Kf6 43.Qd8+ Qe7 44.Ng4+ Ke6 45.Re1+ Kf5 46.Ne3+ Ke6
47.Nxd5+ Kf5 48.Qc8+ Qe6 49.Re5+ Kg6 50.Qc2+ Qf5+ 51.Qxf5# 1-0

[Event "Rentrée CEH 2018 (45/30)"]
[Site "Gatineau"]
[Date "2018.09.11"]
[Round "1"]
[White "Lepine Louis"]
[Black "Celac Ekaterina"]
[Result "1-0"]
[BlackElo "1227"]
[WhiteElo "995"]

1.d4 d5 2.Nc3 e6 3.Bf4 Nc6 4.e3 Bd6 5.g3 f6 6.Nf3 Qe7 7.e4 e5 8.Nxd5 Qe6
9.Nxc7+ Bxc7 10.d5 Qd6 11.Be3 Nge7 12.Bb5 O-O 13.a3 Nd8 14.Nh4 g6 15.b4 a6
16.Bc5 Qxc5 17.bxc5 axb5 18.d6 Ba5+ 19.Kf1 Bc3 20.Rb1 Bh3+ 21.Kg1 Nec6 22.Rb3
b4 23.axb4 Bxb4 24.c3 Ra3 25.Rxa3 Bxa3 26.Qb3+ Ne6 27.Qxa3 g5 28.Nf5 h5
29.Qb3 Re8 30.d7 Ra8 31.Qxe6+ Kf8 32.Qxf6+ Kg8 33.Qg7# 1-0